| 000 | 00551nam a2200193 a 4500 | ||
|---|---|---|---|
| 001 | 7770 | ||
| 003 | Mx-PuUPA | ||
| 005 | 20260115124722.0 | ||
| 008 | 140415s1991 000 0 spa d | ||
| 040 | _cMx-PuUPA | ||
| 041 | _aspa | ||
| 082 |
_a616.8915 _bPAR |
||
| 245 | 0 | 0 |
_aPARADOJA Y CONTRAPARADOJA : _bUN NUEVO MODELO EN LA TERAPIA DE LA FAMILIA CON TRAN... |
| 260 |
_a[s.l.] : _bPAIDOS MEXICANA, _c1991 |
||
| 300 | _a189 | ||
| 490 |
_aGRUPOS E INSTITUCIONES _v21 |
||
| 650 | 1 | 4 |
_aENTREVISTAS EN PSIQUIATRIA _xPSICOTERAPIA FAMILIAR |
| 942 |
_2ddc _cLI |
||
| 999 |
_c7770 _d7770 |
||